Fyzickým osobám sa budú od budúceho roka zdaňovať príjmy sadzbami od 12 do 42 percent

Nové znenie zákona o daniach z príjmov, ktoré začne platiť od 1.1.2000. Snaha znížiť daňové zaťaženie fyzických a právnických osôb. Daňové pásma, zánik milionárskej dane. Zvýhodnenie samostatne hospodáriacich roľníkov. Výška nezdaniteľnej časti základu dane. Nižšie príjmy do štátneho rozpočtu.

Gespeichert in:
Bibliographische Detailangaben
1. Verfasser: Medžová, Andrea
Format: Buchkapitel
Sprache:Slowakisch
Schlagworte:
Tags: Tag hinzufügen
Keine Tags, Fügen Sie das erste Tag hinzu!

MARC

LEADER 00000naa a2200000 4500
001 r036736
005 20230921104201.0
041 0 |a slo 
044 |a SK 
245 1 0 |a Fyzickým osobám sa budú od budúceho roka zdaňovať príjmy sadzbami od 12 do 42 percent  |c Andrea Medžová 
520 |a Nové znenie zákona o daniach z príjmov, ktoré začne platiť od 1.1.2000. Snaha znížiť daňové zaťaženie fyzických a právnických osôb. Daňové pásma, zánik milionárskej dane. Zvýhodnenie samostatne hospodáriacich roľníkov. Výška nezdaniteľnej časti základu dane. Nižšie príjmy do štátneho rozpočtu. 
610 2 0 |a dane z príjmov 
610 2 0 |a osoby fyzické 
610 2 0 |a sadzby daňové 
610 2 0 |a roľníci jednotlivo hospodáriaci 
610 2 0 |a základ dane 
610 2 0 |a príjmy rozpočtu štátneho 
610 2 0 |a Slovensko 
100 1 |a Medžová, Andrea